| 000 | 00624nam a2200181 i 4500 | ||
|---|---|---|---|
| 001 | 75939 | ||
| 003 | ES-MaACL | ||
| 005 | 20230906172648.0 | ||
| 007 | t| | ||
| 008 | 040928s1974 sp ||||1| spa d | ||
| 100 | 1 |
_aGray, Bennison. _959792 |
|
| 245 | 1 | 3 |
_aEl estilo _b: el problema y su solución / _cBennison Gray ; traducción de Julio Rodríguez-Puérlas y Carmen C. de Rodríguez-Puértolas. |
| 260 |
_a[Madrid] : _bCastalia, _c[1974] |
||
| 300 |
_a170 p. ; _c19 cm. |
||
| 700 | 1 |
_aRodríguez Puértolas, Julio. _998746 |
|
| 700 | 1 |
_aRodríguez Puértolas, Carmen C. de. _998745 |
|
| 852 |
_aES-MaACL _jE-8387 _bR.92671 |
||
| 999 |
_c75939 _d75939 |
||